[Event "Stuttgart-chB int"]
[Site "Ditzingen"]
[Date "2009.05.23"]
[Round "6"]
[White "Scheuer, Volker"]
[Black "Gibicar, Danijel"]
[Result "0-1"]
[WhiteElo "1775"]
[BlackElo "1829"]
[PlyCount "84"]
[EventDate "2009.05.21"]
[EventType "swiss"]
[EventRounds "7"]
[EventCountry "GER"]
[SourceTitle "EXT 2018"]
[Source "ChessBase"]
[SourceDate "2017.10.13"]
[SourceVersion "1"]
[SourceVersionDate "2017.10.13"]
[SourceQuality "1"]

1. e4 e6 2. d4 d5 3. Nc3 Bb4 4. exd5 exd5 5. Bd3 Ne7 6. a3 Bxc3+ 7. bxc3 0-0 8. Nf3 Bf5 9. 0-0 Bxd3 10. Qxd3 Ng6 11. Rb1 b6 12. Re1 Qd6 13. Qf5 Nc6 14. a4 Na5 15. h4 Rae8 16. Be3 Qe6 17. Qd3 Qd7 18. h5 Ne7 19. Ne5 Qc8 20. Bc1 f6 21. Nf3 Nc4 22. h6 g6 23. Bf4 Qd7 24. Nh4 c6 25. Qg3 Qc8 26. Re2 Nf5 27. Nxf5 Rxe2 28. Ne3 Nxe3 29. Bxe3 Rxc2 30. Qd6 Rxc3 31. Bd2 Rc2 32. Bb4 Qd8 33. Qe6+ Rf7 34. Re1 c5 35. dxc5 bxc5 36. Qc6 Re7 37. Rxe7 Qxe7 38. Qxd5+ Kf8 39. Qa8+ Qe8 40. Qxa7 Rc1+ 41. Kh2 Qe5+ 42. g3 Qh5+ 0-1

[Event "Stuttgart-chB int"]
[Site "Ditzingen"]
[Date "2009.05.21"]
[Round "2"]
[White "Pfeilsticker, Thorsten"]
[Black "Scheuer, Volker"]
[Result "1/2-1/2"]
[WhiteElo "1567"]
[BlackElo "1775"]
[PlyCount "41"]
[EventDate "2009.05.21"]
[EventType "swiss"]
[EventRounds "7"]
[EventCountry "GER"]
[SourceTitle "EXT 2018"]
[Source "ChessBase"]
[SourceDate "2017.10.13"]
[SourceVersion "1"]
[SourceVersionDate "2017.10.13"]
[SourceQuality "1"]

1. d4 d5 2. Nf3 Nf6 3. e3 c6 4. Bd3 Bg4 5. Nbd2 Nbd7 6. h3 Bh5 7. g4 Bg6 8. Qe2 Qc7 9. e4 dxe4 10. Nxe4 Nxe4 11. Bxe4 Bxe4 12. Qxe4 g6 13. c3 Nf6 14. Qc2 Bg7 15. Ne5 Nd7 16. Nxd7 Qxd7 17. Qe4 h5 18. Rg1 hxg4 19. hxg4 0-0-0 20. Be3 Qd5 21. Qxd5 1/2-1/2